| 000 | 00343nam a2200145Ia 4500 | ||
|---|---|---|---|
| 005 | 20251222152721.0 | ||
| 008 | 251222s9999||||xx |||||||||||||| ||spa|| | ||
| 020 | _a8422655888 | ||
| 082 | _a823.914/N17 | ||
| 100 | _aNaipaul, V.S. | ||
| 245 | 0 | _aUn Camino en el Mundo | |
| 250 | _a1ra.ed. | ||
| 264 | _bEditorial Debate, S.A. | ||
| 942 | _cLIB | ||
| 999 |
_c29605 _d29605 |
||